Pratical Record Book for Mental Health Nursing (Record no. 357664)

MARC details
000 -LEADER
fixed length control field 00543nam a22001937a 4500
005 - DATE AND TIME OF LATEST TRANSACTION
control field 20240401154130.0
008 - FIXED-LENGTH DATA ELEMENTS--GENERAL INFORMATION
fixed length control field 240401b |||||||| |||| 00| 0 eng d
020 ## - INTERNATIONAL STANDARD BOOK NUMBER
International Standard Book Number 9789392242144
041 ## - LANGUAGE CODE
Language code of text/sound track or separate title Eng.
082 ## - DEWEY DECIMAL CLASSIFICATION NUMBER
Classification number 610.7368/SON
100 ## - MAIN ENTRY--PERSONAL NAME
Author K. Anupama
245 ## - TITLE STATEMENT
Title Pratical Record Book for Mental Health Nursing
Remainder of title Bsc nursing Students V &VI Semester
250 ## - EDITION STATEMENT
Edition statement 2nd
260 ## - PUBLICATION, DISTRIBUTION, ETC.
Place of publication, distribution, etc. Punjab
Name of publisher, distributor, etc. Vision Health Science Publisher
Date of publication, distribution, etc. 2024
300 ## - PHYSICAL DESCRIPTION
Extent 356 p.
651 ## - SUBJECT ADDED ENTRY--GEOGRAPHIC NAME
Geographic name Psychiatric Nursing
700 ## - ADDED ENTRY--PERSONAL NAME
Personal name Soni Ritika
942 ## - ADDED ENTRY ELEMENTS (KOHA)
Koha item type Donated Book
Holdings
Withdrawn status Lost status Source of classification or shelving scheme Damaged status Not for loan Home library Current library Date acquired Vendor Net Price Bill number Full call number Barcode Date last seen Actual Price Bill Date Koha item type
    Dewey Decimal Classification     Sitabai Nargundkar College of Nursing Nagpur Sitabai Nargundkar College of Nursing Nagpur 22/05/2024 Donated by Ms. Payal Tembhurne, Gadhchiroli 450.00 IK#2024-25#00014 610.7368/SON SNCN-DB-184 20/05/2024 450.00 21/05/2024 Donated Book